Learning Resource and Development

Foundations of financial management / (Record no. 29791)

MARC details
000 -LEADER
fixed length control field 03781cam a2200409 i 4500
001 - CONTROL NUMBER
control field 22173727
003 - CONTROL NUMBER IDENTIFIER
control field CSPC
005 - DATE AND TIME OF LATEST TRANSACTION
control field 20250721103558.0
008 - FIXED-LENGTH DATA ELEMENTS--GENERAL INFORMATION
fixed length control field 210811s2023 nyua j b 001 0 eng
010 ## - LIBRARY OF CONGRESS CONTROL NUMBER
LC control number 2021039764
020 ## - INTERNATIONAL STANDARD BOOK NUMBER
International Standard Book Number 9781265074654
035 ## - SYSTEM CONTROL NUMBER
System control number 22173727
040 ## - CATALOGING SOURCE
Original cataloging agency DLC
Language of cataloging eng
Description conventions rda
Transcribing agency DLC
Modifying agency DLC
-- CSPC
042 ## - AUTHENTICATION CODE
Authentication code pcc
050 00 - LIBRARY OF CONGRESS CALL NUMBER
Classification number HG4026
Item number .B589 2022
082 00 - DEWEY DECIMAL CLASSIFICATION NUMBER
Classification number 658.15
Item number B620f
Edition number 23
100 1# - MAIN ENTRY--PERSONAL NAME
Personal name Block, Stanley B.,
Relator term author.
245 10 - TITLE STATEMENT
Title Foundations of financial management /
Statement of responsibility, etc. Stanley B. Block, Geoffrey A. Hirt, and Bartley R. Danielsen.
250 ## - EDITION STATEMENT
Edition statement Eighteenth edition.
264 #1 - PRODUCTION, PUBLICATION, DISTRIBUTION, MANUFACTURE, AND COPYRIGHT NOTICE
Place of production, publication, distribution, manufacture New York, NY :
Name of producer, publisher, distributor, manufacturer McGraw Hill,
Date of production, publication, distribution, manufacture, or copyright notice 2023.
300 ## - PHYSICAL DESCRIPTION
Extent xxii, 684 [A-12, G-18, I-22] pages :
Other physical details color illustrations ;
Dimensions 26 cm
336 ## - CONTENT TYPE
Content type term text
Content type code txt
Source rdacontent
337 ## - MEDIA TYPE
Media type term unmediated
Media type code n
Source rdamedia
338 ## - CARRIER TYPE
Carrier type term volume
Carrier type code nc
Source rdacarrier
500 ## - GENERAL NOTE
General note Revised edition of the authors' Foundations of financial management, [2019]
500 ## - GENERAL NOTE
General note Includes bibliographical references and index.
505 0# - FORMATTED CONTENTS NOTE
Formatted contents note Part I. Introduction -- The goals and activities of financial management -- Part II. Financial analysis and planning -- Review of accounting -- Financial analysis -- Financial forecasting -- Operating and financial leverage -- Part III. Working capital management -- Working capital and the financing decision -- Current asset management -- Sources of short-term financing -- Part IV. The capital budgeting process -- The time value of money -- Valuation and rates of return -- Cost of capital -- The capital budgeting decision -- Risk and capital budgeting -- Part V. Long-term financing -- Capital markets -- Investments banking -- Long-term debt and lease financing -- Common and preferred stock financing -- Dividend policy and retained earnings -- Convertibles, warrants, and derivatives -- Part VI. Expanding the perspective of corporate finance -- External growth through mergers -- International financial management.
520 ## - SUMMARY, ETC.
Summary, etc. "First of all, the field of finance has become much more analytical, with the emphasis on decision-oriented approaches to problems rather than the old, descriptive approach. We have increased the use of analytical approaches to financial problems in virtually every chapter of the book. But we also have stayed with our basic mission of making sure students are able to follow us in our discussions throughout the text. While the 18th edition is considerably more sophisticated than the initial edition, it is still extremely "reader friendly." As the analytical skills demanded of students have increased, so has the authors' care in presenting the material. The use of spreadsheets and calculators has become considerably more important, and this is also reflected in the 18th edition where we have added Excel tables and calculator keystroke solutions within key chapters. We offer Web Exercises at the end of every chapter, URL citations throughout the text, a library of course materials for students and faculty, computerized testing software and PowerPoint® for the faculty, McGraw Hill Connect®, an online assignment and assessment solution, and SmartBook, a truly innovative adaptive study tool and eBook"--
Assigning source Provided by publisher.
521 ## - TARGET AUDIENCE NOTE
Target audience note Ages 18+
Source McGraw Hill LLC
650 #0 - SUBJECT ADDED ENTRY--TOPICAL TERM
Topical term or geographic name entry element Corporations
General subdivision Finance.
700 1# - ADDED ENTRY--PERSONAL NAME
Personal name Hirt, Geoffrey A.,
Relator term author.
700 1# - ADDED ENTRY--PERSONAL NAME
Personal name Danielsen, Bartley R.,
Relator term author.
776 08 - ADDITIONAL PHYSICAL FORM ENTRY
Relationship information Online version:
Main entry heading Block, Stanley B.
Title Foundations of financial management
Edition 18.
Place, publisher, and date of publication New York : McGraw Hill LLC, 2022
International Standard Book Number 9781266040917
Record control number (DLC) 2021039765
906 ## - LOCAL DATA ELEMENT F, LDF (RLIN)
a 7
b cbc
c orignew
d 1
e ecip
f 20
g y-gencatlg
942 ## - ADDED ENTRY ELEMENTS (KOHA)
Source of classification or shelving scheme Dewey Decimal Classification
Koha item type Books
Edition 23
Classification part 658.15
Item part B620f
Call number prefix CIR
Call number suffix 2023
Suppress in OPAC No
Holdings
Withdrawn status Lost status Source of classification or shelving scheme Damaged status Not for loan Home library Current library Shelving location Date acquired Total Checkouts Full call number Barcode Date last seen Date last checked out Copy number Price effective from Koha item type
    Dewey Decimal Classification     Main Library Main Library Circulation Section 07/18/2025 1 CIR 658.15 B620f 2023 029716 11/18/2025 10/17/2025 1-1 07/18/2025 Books